Glimpses of postcolonial literature/ (Record no. 11789)

MARC details
000 -LEADER
fixed length control field 00547nam a22002057a 4500
005 - DATE AND TIME OF LATEST TRANSACTION
control field 20240405072502.0
008 - FIXED-LENGTH DATA ELEMENTS--GENERAL INFORMATION
fixed length control field 240405b |||||||| |||| 00| 0 eng d
020 ## - INTERNATIONAL STANDARD BOOK NUMBER
International Standard Book Number 9789391661526
040 ## - CATALOGING SOURCE
Original cataloging agency IN-DiNC
Transcribing agency IN-DiNC
041 ## - LANGUAGE CODE
Language code of sung or spoken text English
082 ## - DEWEY DECIMAL CLASSIFICATION NUMBER
Classification number 820
Item number MOM
100 ## - MAIN ENTRY--PERSONAL NAME
Personal name Momin, Dorothy G
Relator term Author
245 ## - TITLE STATEMENT
Title Glimpses of postcolonial literature/
Statement of responsibility, etc. by Dorothy G Momin
250 ## - EDITION STATEMENT
Edition statement 1st ed.
260 ## - PUBLICATION, DISTRIBUTION, ETC.
Place of publication, distribution, etc. Meerut:
Name of publisher, distributor, etc. Balaji publishers,
Date of publication, distribution, etc. 2022.
300 ## - PHYSICAL DESCRIPTION
Extent 316p.
650 ## - SUBJECT ADDED ENTRY--TOPICAL TERM
Topical term or geographic name entry element African novel
650 ## - SUBJECT ADDED ENTRY--TOPICAL TERM
Topical term or geographic name entry element Latin American novel
942 ## - ADDED ENTRY ELEMENTS (KOHA)
Source of classification or shelving scheme Dewey Decimal Classification
Koha item type Books
Holdings
Withdrawn status Lost status Source of classification or shelving scheme Damaged status Not for loan Collection code Home library Current library Shelving location Date acquired Cost, normal purchase price Total Checkouts Full call number Barcode Date last seen Date last checked out Copy number Price effective from Koha item type
    Dewey Decimal Classification     English Naharkatiya College Library Naharkatiya College Library General Stacks 05/04/2024 995.00 1 820 MOM 29969 06/04/2024 06/04/2024 1 05/04/2024 Books

Naharkatiya College © 2020. All rights reserved.

Powered By